Sobre la opción por los pobres
Gorde:
| Egile nagusia: | |
|---|---|
| Formatua: | Liburua |
| Hizkuntza: | gaztelania |
| Argitaratua: |
Santiago
Relme
1992
|
| Gaiak: | |
| Etiketak: |
Etiketa erantsi
Etiketarik gabe, Izan zaitez lehena erregistro honi etiketa jartzen!
|
MARC
| LEADER | 00000nam a2200000 a 4500 | ||
|---|---|---|---|
| 001 | UCX4344 | ||
| 003 | CL-VaPUC | ||
| 008 | 920415e19920000CL |||||||||||||||||spa|d | ||
| 082 | 0 | 4 | |a 261.8 |b VIG |2 21 |
| 100 | 0 | |a Vigil, José María |e author |9 320497 | |
| 245 | 1 | 0 | |a Sobre la opción por los pobres |
| 300 | |a 139 p | ||
| 942 | |c BK | ||
| 945 | |d 19920415 00:00:00 | ||
| 260 | |a Santiago |b Relme |c 1992 | ||
| 650 | 7 | |a TRABAJO DE LA IGLESIA CON LOS POBRES |2 CL-VaPUC |9 320498 | |
| 650 | 7 | |a POBRES ENSEÑANZA BIBLICA |2 CL-VaPUC |9 320499 | |
| 583 | |a last modification |c 19920415 00:00:00 |k Rodrigo Vera | ||
| 999 | |c 224829 |d 224827 | ||
| 952 | |0 0 |1 0 |4 0 |6 261_800000000000000_VIG_1992 |7 0 |8 A |9 221822 |a BIBTEO |b BIBTEO |d 2019-11-15 |i 2906899 |o 261.8 VIG 1992 |p 2906899 |r 2025-01-17 |w 2019-11-15 |y BK |k ICR | ||